Entry Nombre personal
001 - NÚMERO DE CONTROL
- campo de control: 17970
003 - IDENTIFICADOR DE NÚMERO DE CONTROL
- campo de control: SpMaBN
005 - FECHA Y HORA DE LA ÚLTIMA TRANSACCIÓN
- campo de control: 20230602122607.0
008 - ELEMENTOS DE DATO DE LONGITUD-FIJA
- campo de control de longitud fija: 901120n| aijnnaabn a aaa
016 ## - NÚMERO DE CONTROL DE UNA AGENCIA BIBLIOGRÁFICA NACIONAL
- Número de control del registro: BNE19900350716
024 7# - IDENTIFICADOR DE OTROS ESTÁNDARES
- Número estándar o código: http://viaf.org/viaf/181046681/
- Fuente: viaf
040 ## - FUENTE DE CATALOGACIÓN
- Centro catalogador/agencia de origen: SpMaBN
- Lengua de catalogación: spa
- Centro/agencia transcriptor: SpMaBN
- Normas de descripción: rdc
- Convención/Normas de encabezamiento de materia/tesauro: embne
- Centro/agencia modificador: ES-MaACL
100 1# - ENCABEZAMIENTO-NOMBRE DE PERSONA
- Nombre de persona: Abarca Junco, Ana Paloma,
372 ## - CAMPO DE ACTIVIDAD
- Campo de actividad: Derecho Internacional Privado
- Fuente de información: (Dialnet)
375 ## - GÉNERO/SEXO
- Género: Femenino
400 1# - TRAZADO DE VÉASE--NOMBRE DE PERSONA
- Nombre de persona: Abarca Junco, P.,
400 1# - TRAZADO DE VÉASE--NOMBRE DE PERSONA
- Nombre de persona: Abarca Junco, Paloma,
400 1# - TRAZADO DE VÉASE--NOMBRE DE PERSONA
- Nombre de persona: Abarca Junco, A. P.,
670 ## - FUENTE DE DATOS ENCONTRADOS
- Cita de la fuente: Prácticas de derecho internacional privado, 2003;
- Información encontrada: port. (Ana Paloma Abarca Junco)
670 ## - FUENTE DE DATOS ENCONTRADOS
- Cita de la fuente: Derecho internacional privado, 1987;
- Información encontrada: port. (P. Abarca Junco)
670 ## - FUENTE DE DATOS ENCONTRADOS
- Cita de la fuente: Derecho internacional privado, 1983;
- Información encontrada: port. (Paloma Abarca Junco)
670 ## - FUENTE DE DATOS ENCONTRADOS
- Cita de la fuente: Entre Bruselas y La Haya, 2013;
- Información encontrada: v. port. (autores, Abarca Junco, A.P.)
670 ## - FUENTE DE DATOS ENCONTRADOS
- Cita de la fuente: WWW Bn España aut., 2-6-2023;
- Información encontrada: (Abarca Junco, Ana Paloma)
955 ## - CATALOGADOR - EDICIÓN
- Nombre del catalogador: Julia Mas Vieira
